| 000 | 01283nam0a2200397 4500 | ||
|---|---|---|---|
| 001 | RU\NLR\bibl\120915 | ||
| 005 | 20250617100708.0 | ||
| 010 |
_a5-227-00741-1 _912000 |
||
| 021 |
_aRU _b2000-28419 _91341 |
||
| 035 | _a(NLR Aleph) 000118413 | ||
| 090 |
_a673687 _c673687 |
||
| 100 | _a20001012d2000 |||y0rusy50 ca | ||
| 101 | 0 | _arus | |
| 102 | _aRU | ||
| 105 | _aa ||||||||| | ||
| 200 | 1 |
_aМалая грибная энциклопедия _f[Сост. В. Арчер] |
|
| 210 |
_aМ. _cЦентрполиграф _d2000 |
||
| 215 |
_a254,[1] с., [8] л. цв. ил. _d20 _cил. |
||
| 320 | _aБиблиогр.: с. 250 | ||
| 606 | 0 |
_aГрибы _xКулинария _9969831 _3RU\NLR\auth\66363516 |
|
| 606 | 0 |
_aГрибные блюда _xРецептура _92084899 _3RU\NLR\auth\661260997 |
|
| 606 | 0 |
_aГрибы _jСправочники _9908649 _3RU\NLR\auth\6611758 |
|
| 610 | 0 | _aГрибы | |
| 675 |
_a635.8 _v3 _zrus |
||
| 686 |
_a68.35 _2rugasnti |
||
| 686 |
_a43.9 _2rubbk |
||
| 686 | _aЛ992.13 | ||
| 686 | _aЕ591.4я2 | ||
| 702 | 1 |
_aАрчер _bВ. _gВадим |
|
| 801 | 0 |
_aRU _bRKP _c20001012 _gPSBO |
|
| 801 | 1 |
_aRU _bRKP _c20001012 |
|
| 801 | 2 |
_aRU _bNLR _c20001219 _grcr |
|
| 852 |
_aNLR _j2000-3/14883 |
||
| 942 | _cBOOK | ||
| 980 | _aNB | ||